000 00318nam a2200121Ia 4500
005 20251222144714.0
008 251222s9999||||xx |||||||||||||| ||spa||
082 _a232.91/B38/Ej.2
100 _aBello , Antonio
245 0 _aMaría, Mujer de nuestros días
264 _bUniversidad Marcelino Champagnat
942 _cLIB
999 _c17933
_d17933